Projektovanie a prevádzka čerpacej techniky /
Salvato in:
| Autore principale: | |
|---|---|
| Natura: | Libro |
| Lingua: | slovacco |
| Pubblicazione: |
Bratislava :
Alfa,
1990
|
| Tags: |
Nessun Tag, puoi essere il primo ad aggiungerne!!
|
MARC
| LEADER | 00000nam a22000003a 4500 | ||
|---|---|---|---|
| 001 | stu26321 | ||
| 005 | 20150617225746.0 | ||
| 008 | 910506s1990----xo------------------slo-d | ||
| 020 | |a 80-05-00650-0 | ||
| 040 | |a STU |b slo | ||
| 041 | 0 | |a slo | |
| 044 | |a xo | ||
| 080 | |a 621.65 | ||
| 100 | 1 | |a Paciga, Alexander |4 aut | |
| 245 | 1 | |a Projektovanie a prevádzka čerpacej techniky / |c [aut]Paciga,Alexander | |
| 260 | |a Bratislava : |b Alfa, |c 1990 | ||
| 300 | |a 438 s | ||
| 996 | |c V*43013/O-18510 |l VV18 |s P |a 0 |w stu26321_0003 | ||
| 996 | |c V*43014/O-18510a |l VV18 |s P |a 0 |w stu26321_0004 | ||